[Event "Wch U10"]
[Site "Batumi"]
[Date "2022.09.21"]
[Round "6"]
[White "Inauri, Alexi"]
[Black "Elhusseiny, Eyad"]
[Result "1/2-1/2"]
[WhiteElo "1190"]
[BlackElo "1570"]
[PlyCount "64"]
[EventDate "2022.09.16"]
[EventType "swiss"]
[EventRounds "11"]
[EventCountry "GEO"]
[SourceTitle "EXT 2023"]
[Source "ChessBase"]
[SourceDate "2022.10.05"]
[SourceVersion "1"]
[SourceVersionDate "2022.10.05"]
[SourceQuality "1"]

1. d4 d5 2. c4 c6 3. cxd5 cxd5 4. Bf4 Nf6 5. e3 g6 6. Nc3 Bg7 7. Nf3 0-0 8. Be2 Nc6 9. 0-0 Nh5 10. Bg3 Nxg3 11. hxg3 e6 12. Qb3 Na5 13. Qc2 Bd7 14. b4 Nc6 15. a3 Rc8 16. Qb3 h5 17. Rfc1 Ne7 18. Ne1 Nf5 19. Nd3 b6 20. a4 Qg5 21. Nd1 h4 22. g4 Nd6 23. f4 Qh6 24. Ne5 Bxe5 25. dxe5 Ne4 26. Bd3 g5 27. Bxe4 dxe4 28. Nf2 Qg6 29. Rd1 Bc6 30. b5 Bd5 31. Qa3 f5 32. fxg5 Qxg5 1/2-1/2